| 000 | 00388nam a2200169Ia 4500 | ||
|---|---|---|---|
| 008 | 230711s9999||||xx |||||||||||||| ||und|| | ||
| 041 | _aENG | ||
| 082 |
_a604.2 _bPO-M |
||
| 100 | _aGhosh G | ||
| 245 | 0 | _aMachine drawing with autocad | |
| 250 | _a1st Ed. | ||
| 260 |
_c2007 _aNew Delhi _bPearson |
||
| 300 | _a480 | ||
| 650 | _aMechanical Engineering | ||
| 700 | _aPohit | ||
| 942 | _cBK | ||
| 999 |
_c4628 _d4628 |
||